000 00451cam a2200181ua 4500
001 2324
008 110806n ii |||gr||||Z||||||asm
040 _cMAIN
082 _a370.1
100 _aphukan, Suresh,
_eAuthor.
245 1 _aShiksha tattva prabeshika
_cby Suresh Phukan
250 _a1st.
260 _aSibsagarh:
_bRupam prakashan,982.
300 _a157p:
_c23cm.
653 _aEducation
653 _aShiksha tattva prabeshika
942 _cBK
999 _c2183
_d2183